Quizzes
Events
Quiz Creation
Community
Videos
Private Events
Remove Ads
Sign In
Join for FREE
Feedback
Dark Mode
Quiz Categories
Sports
Geography
Music
Movies
Television
Just For Fun
Miscellaneous
History
Literature
Language
Science
Gaming
Entertainment
Religion
Holiday
For Kids
Quiz Lab
Recent
Popular Today
Quiz Kudos Today
Editor Picks
Curator Picks
Quizzes by...
Day
Popularity
Type
Ratings
Length
Year
Community
Subscriptions
Recent Discussions
Orange Saloon
Badges
Playlists
Quests
Create
Leaderboards
Showdown
Live 5
Trivia Bingo
Activity
Puzzle Library
Sporcle Events
Private Events
Virtual Trivia
Globe League
Become a Host
Pub Owners
SporcleCon
Opinionation
Our Games
Videos
Blog
Mobile Apps
Partnerships
Remove Ads and Go Orange
Feedback
Sports
Athletes
MLB
NBA
NHL
NFL
Soccer
Sports Teams
WWE
NCAA
Football
Premier League
Basketball
Baseball
Hockey
Golf
Tennis
Cricket
Rugby
Auto Racing
Olympics
World Cup
Sports
Athletes
MLB
NBA
NHL
NFL
Soccer
Sports Teams
WWE
NCAA
Football
Premier League
Basketball
Baseball
Hockey
Golf
Tennis
Cricket
Rugby
Auto Racing
Olympics
World Cup
Random Quiz
Search Sporcle
×
Quiz Lab
Quiz Lab
Sports
College
Type in answers that appear in a list
Type in answers that appear in a list
Classic
Best Score? Go Orange.
NBA Where did I go to college? Stats
Can you name the college where the NBA player went??
By
LennyDykstra
10m
50 Questions
603 Plays
603 Plays
603 Plays
Comments
Comments
Give Quiz Kudos
Give Quiz Kudos
-
- Ratings
hide this ad
Replay
Link that replays current quiz
Next Quiz
Link to next quiz in quiz playlist
You Got
0%
They Got
Avg Score
62%
Avg Friend Score
Upgrade to see
Score Distribution
Jump to the score distribution portion of the page
Score
0/50
Timer
10:00
0
Plays Today
Player
College
% Correct
Allen Iverson
Georgetown
96.4%
Shaquille O'neil
LSU
95.9%
Kevin Durant
Texas
94.9%
Isiah Thomas
Indiana
93.9%
Blake Griffin
Oklahoma
93.5%
Magic Johnson
Michigan State
92.7%
Grant Hill
Duke
91.7%
Tim Duncan
Wake Forest
91.7%
Dwayne Wade
Marquette
91.5%
Paul Pierce
Kansas
91.4%
Ray Allen
Connecticut
90.2%
Stephen Curry
Davidson
89.1%
Rasheed Wallace
North Carolina
87.7%
Larry Bird
Indiana State
87.6%
Deron Williams
Illinois
85.1%
Andre Iguodala
Arizona
84.2%
Chris Bosh
Georgia Tech
83.9%
Jason Kidd
California
78.6%
Chauncey Billups
Colorado
76.3%
Steve Nash
Santa Clara
75.5%
Marcus Camby
Massachusetts
71.5%
Sam Bowie
Kentucky
68.3%
Greg Oden
Ohio State
62%
Shawn Marion
UNLV
58.7%
Reggie Miller
UCLA
57.2%
Player
College
% Correct
Andrew Bogut
Utah
56.6%
Bill Russell
San Francisco
56.1%
Hakeem Olajuwon
Houston
55.9%
Nate Robinson
Washington
54.7%
Penny Hardaway
Memphis
54.2%
Jason Williams(the white one)
Marshall and Florida
49.8%
John Stockton
Gonzaga
48.9%
Kenyon Martin
Cincinnati
48.9%
Ron Artest
St. Johns
47.6%
Brad Miller
Purdue
45.9%
Robert Horry
Alabama
44.8%
Steve Francis
Maryland
43.8%
Jerry West
West Virginia
43.8%
Delonte West
St. Josephs
42.5%
Kyle Korver
Creighton
41.5%
Danny Granger
Bradley and New Mexico
41.1%
Gary Payton
Oregon State
40.1%
Michael Finley
Wisconsin
37.6%
Scottie Pippen
Central Arkansas
35.2%
Sam Cassell
Florida State
31.8%
Larry Hughes
St. Louis
29.7%
Karl Malone
Louisiana Tech
28.4%
Chris Kaman
Central Michigan
27.4%
Bonzi Wells
Ball State
10.9%
Dennis Rodman
Southeastern Oklahoma State
7%
Quiz Playlist
Details
Report
Send in Message
Add To Playlist
Classic:
Type in answers that appear in a list
Last Updated: Feb 16, 2017
Quiz Scoreboard
CHALLENGE
Sign Up to Join the Scoreboard
Show All
Scores
Hide
Comments
May contain spoilers
Recently Published
Movies - When Are They Set?
by FPL_Elf
Movies
5m
Popular People in 1961
by mucciniale
History
6m
1-10 Letter E Words III
by El_Dandy
Language
2m
More to Explore
Quiz From the Vault
Featured Blog Post
Where Did the Easter Bunny Come From?
hide this ad
You Might Also Like...
Tags
Basketball Quiz
College Quiz
NBA Quiz
Player
Went
Today's Top Quizzes in Sports
Browse Sports
hide this ad
Today's Top Quizzes in College
Browse College
Top Contributed Quizzes in Sports
1
Les meilleurs buteurs des matchs entre le PSG et l’OM
2
FIFA Club World Cup Champions
3
Les entraîneurs de l'OM et du PSG au 21e siècle
4
2022 World Cup Stars
5
Name the Premier League winners with different clubs
6
La finale Lions - Afrique du Sud 2021
7
Criteria MLB: Left Handed Sluggers
8
Les joueurs passés par le LOSC et le RC Lens
9
Players with Multiple 50 Home Run Seasons
10
MLB Players with Two .350 Batting Average Seasons
Explore More
Trending Topics
Disney
Anime
Harry Potter
Crossword
Kpop
NBA
Marvel
Soccer
The Office
Song
WWE
Puzzle
Country
Pokémon
NFL
hide this ad
More By:
LennyDykstra
Quiz
Plays
Rating
Category
Featured
Created
Sports Movie Characters
87,124
4.13
Movies
Mar 1, 2010
Brady Bunch Trivia
1,013
3.33
Television
Mar 2, 2010
NBA Where did I go to college?
603
3.33
Sports
Mar 4, 2010
101 Saved by the Bell Characters
455
5.00
Television
Apr 11, 2016
NFL players by college
450
3.00
Sports
Mar 4, 2010
Go to Creator's Profile
Score Distribution
Quiz Creator Spotlight
LennyDykstra
Follow
Send a Message
Quizzes Created
-
Created Quiz Play Count
-
More By This Creator
Popular Quizzes Today
1
Find the Countries of Europe - No Outlines Minefield
2
Find the US States - No Outlines Minefield
3
The Countries of the World
4
Popular People in 1961
5
US States
6
1-10 Letter E Words III
7
Find the US States
8
One Thing in Common: World Cities II
More Sports Quizzes
Every Le Mans Winner
Editor's Pick
Trending Quizzes
Risky Map Clicking: Least Populous States A-Z
1-10 Letter F Words
1-10 Letter G Words
One Thing in Common: United Kingdom
Risky Map Clicking: Next State Alphabetically
Recently Updated
Leaping Animals
pecheneg
Reality TV Shows (A-Z)
bhenderson79
Rickey Henderson's Hall of Fame Teammates
pecheneg
Champions League XIs: Arsenal
pecheneg
Quick Pick: Celebrities in WWE's Hall of Fame
aduchscher
A-Z Keypad Blitz II
pecheneg
Multiple Oscar Actors
pecheneg
Mystery Phrase Blitz: Oscar 'Best Actors'
pecheneg
F. Scott Fitzgerald Novels
LTH
Pick 3 Villains
ddd62291
Trending Topics
Harry Potter
Kpop
Anime
Crossword
Marvel
NBA
Disney
WWE
The Office
NFL
Song
Country
Pokémon
Puzzle
Soccer
Your Account Isn't Verified!
In order to create a playlist on Sporcle, you need to verify the email address you used during registration. Go to your
Sporcle Settings
to finish the process.
Report this User
Report this user for behavior that violates our
Community Guidelines
.
Details:
Send Report
Go to the Sporcle.com Mobile Site →
Comments